[Event "FABH"]
[Site "SchemingMind.com"]
[Date "2021.07.03"]
[Round "-"]
[White "Derek Price"]
[Black "Kenny Elliott"]
[Result "1-0"]
[WhiteCountry "ENG"]
[BlackCountry "USA"]
[WhiteElo "2231"]
[WhiteRD "67"]
[BlackElo "1514"]
[BlackRD "69"]
[GameID "712984"]

1. c4 c5 2. Nf3 Nf6 3. Nc3 Nc6 4. g3 g6 5. Bg2 Bg7 6. O-O O-O 7. d4 d6 8. dxc5 dxc5 9. Be3 Bf5 10. Bxc5 Qc7
11. Nd5 Qa5 12. Bxe7 Nxe7 13. Nxe7+ Kh8 14. Nxf5 Qxf5 15. e3 Rfd8 16. Qe2 Ne4 17. Rad1 Nc5 18. Nd4 Bxd4 19. exd4 Na4 20. c5 Qf6
21. Bxb7 Rab8 22. c6 Rxd4 23. Rxd4 Qxd4 24. c7
1-0

[Event "FABH"]
[Site "SchemingMind.com"]
[Date "2021.07.02"]
[Round "-"]
[White "Gilligan"]
[Black "Derek Price"]
[Result "0-1"]
[WhiteCountry "USA"]
[BlackCountry "ENG"]
[WhiteElo "1714"]
[WhiteRD "56"]
[BlackElo "2237"]
[BlackRD "64"]
[GameID "712985"]

1. d4 d5 2. c4 c6 3. Nc3 Nf6 4. e3 e6 5. Nf3 Nbd7 6. cxd5 exd5 7. Bd3 Bd6 8. a3 O-O 9. O-O Re8 10. Ne2 Ne4
11. b4 a5 12. Bd2 Ndf6 13. h3 Nxd2 14. Qxd2 Ne4 15. Bxe4 dxe4 16. Nh2 Qg5 17. Nf4 Bd7 18. f3 Qe7 19. Rae1 axb4 20. Rb1 Rxa3
21. Rbe1 Bxf4 22. exf4 e3 23. Qb2 Be6 24. Qc1 Rc3 25. Qb2 Bc4 26. Kh1 Bxf1 27. Nxf1 Qd6 28. Ng3 Qxd4 29. Ne2 Qd2 30. Qb1 Rd3
31. Ng3 e2 32. Nxe2 Rxe2 33. Rxe2 Qxe2 34. Qa1 Rd1+
0-1

[Event "FABH"]
[Site "SchemingMind.com"]
[Date "2021.07.02"]
[Round "-"]
[White "Derek Price"]
[Black "Phillip Beckett"]
[Result "1-0"]
[WhiteCountry "ENG"]
[BlackCountry "ENG"]
[WhiteElo "2237"]
[WhiteRD "64"]
[BlackElo "1459"]
[BlackRD "58"]
[GameID "712986"]

1. c4 e5 2. Nc3 Nf6 3. Nf3 Nc6 4. g3 d5 5. cxd5 Nxd5 6. Bg2 Be6 7. O-O f6 8. b3 Qd7 9. Bb2 O-O-O 10. Rc1 h5
11. Ne4 Bh3 12. Bxh3 Qxh3 13. Nh4 g5 14. Nf3 h4 15. Rxc6 bxc6 16. Qc1 hxg3 17. fxg3 g4 18. Qxc6 Bd6 19. Nh4 Nf4 20. Qa6+ Kb8
21. Qb5+ Kc8 22. Nf2 Rxh4 23. Nxh3 Rxh3 24. gxf4 Rdh8 25. fxe5 Bxe5 26. Bxe5
1-0

[Event "FABH"]
[Site "SchemingMind.com"]
[Date "2021.07.02"]
[Round "-"]
[White "Derek Price"]
[Black "JAHI"]
[Result "1-0"]
[WhiteCountry "ENG"]
[BlackCountry "INT"]
[WhiteElo "2214"]
[WhiteRD "68"]
[BlackElo "2003"]
[BlackRD "66"]
[GameID "712987"]

1. c4 d6 2. g3 g6 3. Bg2 Bg7 4. Nc3 h6 5. Nf3 h5 6. O-O h4 7. Nxh4 Rxh4 8. gxh4 Nc6 9. d3 Nf6 10. Bg5 Nh5
11. Rb1 Bg4 12. Nd5 f6 13. Be3 e6 14. Nc3 e5 15. Qb3 Rb8 16. c5 Kf8 17. cxd6 cxd6 18. Rfe1 Nd4 19. Bxd4 exd4 20. Nd5 Be6
21. Qa4 f5 22. Qxa7 Bxd5 23. Bxd5 Nf4 24. Bg2 Be5 25. Rbd1 Ne6 26. Rc1 Nc5 27. Rxc5 dxc5 28. Qxc5+ Bd6 29. Qd5 Bf4= 30. Qxd8+ Rxd8
31. Ra1 b6 32. a4 Rc8 33. b4 Rc1+ 34. Rxc1 Bxc1 35. a5 bxa5 36. bxa5 Ba3 37. a6 Bc5 38. h5 gxh5 39. Bh3 f4 40. Kg2 Ba7
41. Kf3 Ke7 42. Kxf4 Bb8+ 43. Kg5 Kd6 44. Bc8 h4 45. Kxh4 Kc7 46. Bb7 Kb6 47. h3 Bf4 48. Kg4 Bd2 49. h4 Bc1 50. f4 Ba3
51. h5 Bf8 52. Kg5 Bc5 53. h6 Be7+ 54. Kg6 Bd6 55. h7 Bc5 56. h8=Q Kb5 57. Qg8 Kb6 58. Qd5 Kb5 59. a7 Kb4 60. Qc4+ Ka5
61. Qxc5+ Ka4 62. a8=Q+ Kb3 63. Qaa3#
1-0

[Event "FABH"]
[Site "SchemingMind.com"]
[Date "2021.07.02"]
[Round "-"]
[White "Kenny Elliott"]
[Black "Gilligan"]
[Result "0-1"]
[WhiteCountry "USA"]
[BlackCountry "USA"]
[WhiteElo "1514"]
[WhiteRD "69"]
[BlackElo "1742"]
[BlackRD "54"]
[GameID "712988"]

1. d4 d5 2. c4 e6 3. Nf3 c6 4. Nc3 Nf6 5. Bg5 dxc4 6. Ne5 b5 7. a3 Bb7 8. e4 Be7 9. g3 O-O 10. Bg2 Nbd7
11. Nxd7 Nxd7 12. O-O Bxg5 13. f4 Be7 14. e5 Rb8 15. b4 cxb3 16. Qxb3 Nb6 17. Rad1 Nc4 18. a4 Ne3 19. axb5 Nxf1 20. Rxf1 Qxd4+
21. Kh1 cxb5 22. Bxb7 Rxb7 23. Ne2 Qe4+ 24. Qf3 Qxf3+ 25. Rxf3 b4 26. Nd4 Rc8 27. Kg2 a5
0-1

[Event "FABH"]
[Site "SchemingMind.com"]
[Date "2021.07.02"]
[Round "-"]
[White "Phillip Beckett"]
[Black "Gilligan"]
[Result "0-1"]
[WhiteCountry "ENG"]
[BlackCountry "USA"]
[WhiteElo "1459"]
[WhiteRD "58"]
[BlackElo "1714"]
[BlackRD "56"]
[GameID "712989"]

1. e4 e5 2. Nf3 Nc6 3. Bb5 a6 4. Ba4 Nf6 5. O-O b5 6. Bb3 Bb7 7. c3 Bc5 8. h3 O-O 9. d3 d6 10. Nbd2 Ne7
11. a4 Ng6 12. Re1 Re8 13. Nf1 Nf4 14. Ng3 Ba7 15. Nf5 Qd7 16. axb5 axb5 17. Be3 c5 18. d4 Nxe4 19. Bxf4 Qxf5 20. dxe5 c4
21. Bc2 Bxf2+ 22. Kh1 Rxa1 23. Qxa1 Bxe1 24. Qxe1 Qxf4
0-1

[Event "FABH"]
[Site "SchemingMind.com"]
[Date "2021.07.02"]
[Round "-"]
[White "JAHI"]
[Black "Gilligan"]
[Result "1-0"]
[WhiteCountry "INT"]
[BlackCountry "USA"]
[WhiteElo "2012"]
[WhiteRD "73"]
[BlackElo "1760"]
[BlackRD "55"]
[GameID "712990"]

1. c3 Nf6 2. c4 e5 3. Nc3 c6 4. g3 d5 5. d3 d4 6. Ne4 Nxe4 7. dxe4 Na6 8. Bg2 Be7 9. h3 O-O 10. h4 f5
11. Nh3 Be6 12. b3 Bb4+ 13. Bd2 fxe4 14. Ng5 Qe8 15. Bxb4 Nxb4 16. a3 Na6 17. Bxe4 Bf5 18. Bxf5 Rxf5 19. b4 Rd8 20. Qd3 g6
21. Ne4 Qe7 22. g4 Rf7 23. g5 c5 24. h5 Rg7 25. hxg6 Qe6 26. Nf6+ Kf8 27. gxh7 Ke7 28. Nd5+ Kd6 29. h8=Q Rxh8 30. Rxh8 Qg4
31. Rh6+
1-0

[Event "FABH"]
[Site "SchemingMind.com"]
[Date "2021.07.03"]
[Round "-"]
[White "Phillip Beckett"]
[Black "Kenny Elliott"]
[Result "1/2-1/2"]
[WhiteCountry "ENG"]
[BlackCountry "USA"]
[WhiteElo "1462"]
[WhiteRD "56"]
[BlackElo "1514"]
[BlackRD "69"]
[GameID "712991"]

1. e4 c5 2. Nf3 d6 3. d4 cxd4 4. Nxd4 e5 5. Nb5 a6 6. N5c3 Nf6 7. Bg5 Be7 8. Bxf6 Bxf6 9. Nd5 Be6 10. Nbc3 Bxd5
11. Nxd5 Nc6 12. c3 O-O 13. Be2 Ne7 14. Nxf6+ gxf6 15. O-O f5 16. exf5 Nxf5 17. Bd3 Ne7 18. Qd2 d5 19. Qg5+ Ng6 20. Qxd8 Raxd8
21. Rad1 e4 22. Bb1 b5 23. Rd4 f5 24. Rfd1 Ne7 25. a4 bxa4 26. Ba2 a3 27. bxa3 Rc8 28. Bxd5+ Nxd5 29. Rxd5 Rxc3 30. Ra1 Rfc8
31. g3 Rf3 32. Rad1 Rf8 33. a4 f4 34. Rd8 fxg3 35. Rxf8+ Rxf8 36. hxg3 Rf5 37. Rd6 Ra5 38. Rd4 Re5 39. Kf1 e3 40. fxe3 Rxe3
41. Kf2 Ra3 42. Rg4+ Kf7 43. Rh4 Kg6 44. Rg4+ Kf5 45. Rf4+ Kg5 46. Rf7 Kg6 47. Rf4= Kg5 48. Rb4 Kf5=
1/2-1/2

[Event "FABH"]
[Site "SchemingMind.com"]
[Date "2021.07.02"]
[Round "-"]
[White "Phillip Beckett"]
[Black "JAHI"]
[Result "1/2-1/2"]
[WhiteCountry "ENG"]
[BlackCountry "INT"]
[WhiteElo "1462"]
[WhiteRD "56"]
[BlackElo "1996"]
[BlackRD "73"]
[GameID "712992"]

1. e4 d6 2. d4 g6 3. Nc3 Bg7 4. Nf3 Bg4 5. Be2 Bxf3 6. Bxf3 Nd7 7. O-O h6 8. Be3 h5 9. Qd2 Nh6 10. Rad1 Kf8
11. g3 Kg8 12. Bg2 Qf8 13. f4 Re8 14. e5 c6 15. Ne4 d5 16. Ng5 e6 17. Nh3 Ng4 18. Nf2 Nxf2 19. Bxf2 h4 20. gxh4 Qe7
21. Bg3 Rxh4 22. Bxh4 Qxh4 23. Qf2 Qxf2+=
1/2-1/2

[Event "FABH"]
[Site "SchemingMind.com"]
[Date "2021.07.07"]
[Round "-"]
[White "Kenny Elliott"]
[Black "Helga1946"]
[Result "0-1"]
[WhiteCountry "USA"]
[BlackCountry "GER"]
[WhiteElo "1507"]
[WhiteRD "70"]
[BlackElo "2250"]
[BlackRD "69"]
[GameID "712993"]

1. d4 d5 2. Nc3 Nf6 3. Bf4 Bf5 4. e3 e6 5. Nb5 Bd6 6. Nxd6+ cxd6 7. Bb5+ Nc6 8. Nf3 Qa5+ 9. c3 Qxb5 10. Bxd6 Qxb2
11. O-O Ne4 12. Qb1 Qxb1 13. Rfxb1 Nxd6 14. Rd1 Ke7 15. a4 Na5 16. Ne5 Bc2 17. Rd2 Nb3 18. Rxc2 Nxa1
0-1

[Event "FABH"]
[Site "SchemingMind.com"]
[Date "2021.07.07"]
[Round "-"]
[White "Derek Price"]
[Black "Helga1946"]
[Result "1/2-1/2"]
[WhiteCountry "ENG"]
[BlackCountry "GER"]
[WhiteElo "2255"]
[WhiteRD "69"]
[BlackElo "2289"]
[BlackRD "74"]
[GameID "712994"]

1. c4 e5 2. Nc3 Bb4 3. Nd5 Nc6 4. a3 Bd6 5. e3 Nf6 6. Ne2 O-O 7. Nec3 Nxd5 8. cxd5 Ne7 9. Qc2 c6 10. Bd3 Kh8
11. Ne4 Bb8 12. dxc6 dxc6 13. Ng3 Bc7 14. O-O f5 15. f3 Qd6 16. a4 Be6 17. b3 Rad8 18. Bc4 Bxc4 19. Qxc4 Rfe8 20. Ba3 Qg6
21. Qc2 Bd6 22. Bxd6 Rxd6 23. Rad1 Qf6 24. Rfe1 Red8 25. Ne2 Qg5 26. Rf1 R6d7 27. f4 Qg4 28. Qc4 Nd5 29. Rde1 e4 30. h3 Qg6
31. Nd4 a5 32. Re2 h5 33. Qc5 h4 34. Qxa5 b6 35. Qa6 c5 36. Nc2 Nc7 37. Qc4 Rxd2 38. Rxd2 Rxd2 39. Rf2 Rd3 40. a5 bxa5
41. Qxc5 Nd5 42. Qxa5 Kh7 43. Qe1 Qg3 44. Rf1 Nc3 45. b4 g6 46. Qf2 Kg7 47. Qe1 Kf7 48. Qf2 Ke8 49. Rc1=
1/2-1/2

[Event "FABH"]
[Site "SchemingMind.com"]
[Date "2021.07.07"]
[Round "-"]
[White "Helga1946"]
[Black "Gilligan"]
[Result "1-0"]
[WhiteCountry "GER"]
[BlackCountry "USA"]
[WhiteElo "2250"]
[WhiteRD "69"]
[BlackElo "1760"]
[BlackRD "55"]
[GameID "712995"]

1. e4 e5 2. Nf3 Nf6 3. Nxe5 Nc6 4. Nxc6 dxc6 5. d3 Bc5 6. c3 O-O 7. Nd2 Re8 8. Be2 Be7 9. O-O c5 10. a4 a5
11. f4 c6 12. Kh1 b5 13. e5 Nd5 14. Ne4 f6 15. axb5 cxb5 16. d4 c4 17. f5 Bb7 18. Bh5 Rf8 19. Qg4 Bc6 20. Bh6 g6
21. fxg6
1-0

[Event "FABH"]
[Site "SchemingMind.com"]
[Date "2021.07.07"]
[Round "-"]
[White "Phillip Beckett"]
[Black "Helga1946"]
[Result "0-1"]
[WhiteCountry "ENG"]
[BlackCountry "GER"]
[WhiteElo "1426"]
[WhiteRD "56"]
[BlackElo "2250"]
[BlackRD "69"]
[GameID "712996"]

1. e4 e5 2. Nf3 Nc6 3. Bb5 a6 4. Ba4 b5 5. Bb3 Nf6 6. c3 Nxe4 7. Qe2 Nc5 8. Bd5 Qe7 9. Bxc6 dxc6 10. d4 exd4
11. Nxd4 Qxe2+ 12. Kxe2 Bd6 13. h3 O-O 14. Be3 f5 15. Nxc6 Bb7 16. Nd4 f4 17. Bd2 Bxg2 18. Rg1 f3+ 19. Ke1 Bh2
0-1

[Event "FABH"]
[Site "SchemingMind.com"]
[Date "2021.07.07"]
[Round "-"]
[White "JAHI"]
[Black "Helga1946"]
[Result "0-1"]
[WhiteCountry "INT"]
[BlackCountry "GER"]
[WhiteElo "2048"]
[WhiteRD "65"]
[BlackElo "2283"]
[BlackRD "74"]
[GameID "712997"]

1. c3 e5 2. c4 Nc6 3. Nc3 Bb4 4. a3 Bxc3 5. bxc3 Nf6 6. d3 e4 7. Bg5 h6 8. Bxf6 Qxf6 9. Rc1 exd3 10. exd3 O-O
11. Be2 Qg6 12. Kf1 b6 13. h3 Ba6 14. h4 Rad8 15. Nh3 Rde8 16. Kg1 Ne5 17. Qd2 Qd6 18. Rd1 Bb7 19. Qa2 Ng6 20. h5 Nh4
21. Rh2 Re7 22. d4 Rfe8 23. Bf1 Bf3 24. Rb1 Bxh5 25. c5 bxc5 26. dxc5 Qg6 27. Nf4 Nf3+ 28. Kh1 Qg5 29. Rxh5 Qxf4 30. Qd5 Nd2
31. g3 Qg4 32. Qxd2 Qxh5+ 33. Kg1 Qxc5 34. a4 Qf5 35. Rd1 a5 36. Bb5 c6 37. Bd3 Qf3 38. Bf1 h5 39. Qd3 Qg4 40. Qd4 Re1
41. Rxe1 Rxe1 42. Kg2 Qxd4 43. cxd4 Rd1 44. d5 Rxf1 45. Kxf1 cxd5 46. f3 g5 47. Kf2 d4 48. Ke2 h4 49. gxh4 gxh4 50. Kd3 h3
51. Ke4 h2 52. Kxd4 h1=Q 53. Kd5 Qd1+ 54. Kc4 f5 55. Kb5 Qd5+ 56. Ka6 Kf7 57. f4 Ke6 58. Ka7 Kd6 59. Kb6 Qb3+ 60. Ka7 Kc6
61. Ka6 Qb6#
0-1

[Event "FABH"]
[Site "SchemingMind.com"]
[Date "2021.07.03"]
[Round "-"]
[White "JAHI"]
[Black "Kenny Elliott"]
[Result "1-0"]
[WhiteCountry "INT"]
[BlackCountry "USA"]
[WhiteElo "2012"]
[WhiteRD "73"]
[BlackElo "1507"]
[BlackRD "70"]
[GameID "712998"]

1. c3 e5 2. c4 Nf6 3. Nc3 c5 4. g3 d6 5. Bg2 Be7 6. h3 O-O 7. h4 h5 8. Nh3 Qc7 9. d3 Nc6 10. Bd2 a6
11. Kf1 b6 12. Kg1 Bb7 13. Qf1 Nd4 14. Bxb7 Qxb7 15. Qg2 Qb8 16. Rc1 b5 17. e3 Nc6 18. Qxc6 bxc4 19. dxc4 Qxb2 20. Rd1 Qc2
21. Be1 Ng4 22. Ng5 Rfc8 23. Qb7 Bxg5 24. hxg5 g6 25. Qe4 Qxe4 26. Nxe4 a5 27. Rxd6 Rab8 28. Bc3 Rb1+ 29. Kg2 Rxh1 30. Kxh1 Rb8
31. Rc6 Rd8 32. Rxc5 Rd3 33. Rc8+ Kh7 34. Bxe5 Nxe5 35. Nf6+ Kg7 36. Rg8#
1-0

[Event "FABH"]
[Site "SchemingMind.com"]
[Date "2021.07.03"]
[Round "-"]
[White "Daniel Dubé"]
[Black "Kenny Elliott"]
[Result "1-0"]
[WhiteCountry "CAN"]
[BlackCountry "USA"]
[WhiteElo "1563"]
[WhiteRD "56"]
[BlackElo "1514"]
[BlackRD "69"]
[GameID "712999"]

1. e4 c5 2. Nf3 d6 3. d4 cxd4 4. Nxd4 e5 5. Bb5+ Bd7 6. Bxd7+ Nxd7 7. Nf5 Ndf6 8. Nc3 Be7 9. O-O Bf8 10. Bg5 Be7
11. Bxf6 Bxf6 12. Nd5 g6 13. Nfe3 Ne7 14. Nxf6+ Kf8 15. Ned5 Nxd5 16. Nxd5 Kg7 17. f4 f5 18. fxe5 dxe5 19. exf5 Qg5 20. f6+ Kh6
21. Rf3 e4 22. Rh3+
1-0

[Event "FABH"]
[Site "SchemingMind.com"]
[Date "2021.07.03"]
[Round "-"]
[White "Daniel Dubé"]
[Black "Derek Price"]
[Result "0-1"]
[WhiteCountry "CAN"]
[BlackCountry "ENG"]
[WhiteElo "1563"]
[WhiteRD "56"]
[BlackElo "2231"]
[BlackRD "67"]
[GameID "713000"]

1. d4 d5 2. c4 c6 3. Nc3 Nf6 4. Nf3 e6 5. Bg5 h6 6. Bxf6 Qxf6 7. Qb3 Nd7 8. g3 Bd6 9. Bg2 O-O 10. cxd5 exd5
11. O-O Qe7 12. Rfe1 Nf6 13. Nd2 Be6 14. Rab1 Rfe8 15. e3 Qc7 16. f3 h5 17. e4 dxe4 18. fxe4 Bxb3 19. Nxb3 Ng4 20. e5 Bxe5
21. dxe5 Qb6+
0-1

[Event "FABH"]
[Site "SchemingMind.com"]
[Date "2021.07.03"]
[Round "-"]
[White "Gilligan"]
[Black "Daniel Dubé"]
[Result "1-0"]
[WhiteCountry "USA"]
[BlackCountry "CAN"]
[WhiteElo "1742"]
[WhiteRD "54"]
[BlackElo "1563"]
[BlackRD "56"]
[GameID "713001"]

1. d4 Nf6 2. c4 e6 3. Nc3 Bb4 4. Nf3 c5 5. Bg5 cxd4 6. Nxd4 Nc6 7. Nxc6 bxc6 8. Qc2 O-O 9. e4 h6 10. Bh4 g5
11. Bg3 Qa5 12. Be5 Qxe5 13. Be2 Bxc3+ 14. bxc3 Qxe4 15. Qd2 d5 16. O-O dxc4 17. Bf3 Qd3 18. Qb2 Bd7 19. Rad1 Qg6 20. Rxd7 Nd5
21. Qb7 Nf4 22. Qxc6 Rac8 23. Qa4 g4 24. Bd1 Nh3+ 25. Kh1 Rfd8 26. Bc2 Qf6 27. Rxd8+ Rxd8 28. Qxc4 Nxf2+ 29. Kg1 Rd2 30. Bd3 e5
31. Be2 Nh3+ 32. gxh3 Qb6+ 33. Kh1 Rd7 34. Qxg4+ Kf8 35. Qxd7
1-0

[Event "FABH"]
[Site "SchemingMind.com"]
[Date "2021.07.03"]
[Round "-"]
[White "Daniel Dubé"]
[Black "Phillip Beckett"]
[Result "1/2-1/2"]
[WhiteCountry "CAN"]
[BlackCountry "ENG"]
[WhiteElo "1572"]
[WhiteRD "58"]
[BlackElo "1493"]
[BlackRD "52"]
[GameID "713002"]

1. d4 d5 2. c4 e6 3. Nf3 Nf6 4. g3 Be7 5. Bg2 c6 6. O-O O-O 7. Qc2 Nbd7 8. b3 dxc4 9. bxc4 c5 10. Bb2 cxd4
11. Nxd4 Nb6 12. Nd2 Qc7 13. Nb5 Qb8 14. Ne4 Nxe4 15. Qxe4 f5 16. Qc2 a6 17. Nd4 Qc7 18. Rac1 Bf6 19. Rfd1 Bd7 20. e3 Rac8
21. Ba3 Rfd8 22. c5 Nd5 23. Nxf5 exf5 24. Bxd5+ Kh8 25. Bg2 Bc6 26. Rxd8+ Rxd8 27. Rd1 Bxg2 28. Rxd8+ Qxd8 29. Kxg2 Qd5+ 30. f3 Qe5
31. Qd3 h6 32. Qb3 Qc3 33. Qxc3 Bxc3 34. Kf2 Kg8 35. e4 fxe4 36. fxe4 Kf7 37. Ke3 Ke6 38. Bc1 Bf6 39. Ba3 Ba1 40. h4 Ke5
41. g4 Bd4+ 42. Kf3 Bc3 43. Bc1 Be1 44. Bf4+ Ke6 45. a4 Bxh4 46. Bg3 Be7 47. Bf2 Ke5 48. Be3= Bd8 49. Kg3 Ba5 50. Kf3 Ke6
51. Bd4 g6 52. Kg3 Bb4 53. Kf4 g5+ 54. Ke3 Kf7 55. Kd3 Ba3 56. e5 Ke6 57. Ke4 Bc1= 58. Bf2 Bb2 59. Be3 Bxe5 60. Bd4 Bf4
61. Bg7 Kd7 62. Bxh6 Ke6 63. a5 Bd2 64. Bf8= Bxa5 65. Bh6 Bd8 66. Bg7 Be7 67. Bd4= a5 68. Be3 Bf6= 69. Bd2 Bd8 70. Bc3 Bc7=
71. Bd2 Bd8 72. Bc3 Be7 73. Bd4 Bd8 74. Be3 Be7 75. Bd4=
1/2-1/2

[Event "FABH"]
[Site "SchemingMind.com"]
[Date "2021.07.07"]
[Round "-"]
[White "Helga1946"]
[Black "Daniel Dubé"]
[Result "1-0"]
[WhiteCountry "GER"]
[BlackCountry "CAN"]
[WhiteElo "2250"]
[WhiteRD "69"]
[BlackElo "1547"]
[BlackRD "57"]
[GameID "713003"]

1. e4 c5 2. Nc3 Nc6 3. Bb5 e6 4. Nf3 g6 5. Bxc6 dxc6 6. d3 Bg7 7. Bf4 Ne7 8. Qd2 O-O 9. h4 h5 10. O-O-O b6
11. Bh6 f6 12. Bxg7 Kxg7 13. e5 Nf5 14. Ne4 Ba6 15. g4 hxg4 16. exf6+ Rxf6 17. Ne5 Qd5 18. Qf4 Raf8 19. h5 Rh8 20. h6+
1-0

[Event "FABH"]
[Site "SchemingMind.com"]
[Date "2021.07.03"]
[Round "-"]
[White "Daniel Dubé"]
[Black "JAHI"]
[Result "0-1"]
[WhiteCountry "CAN"]
[BlackCountry "INT"]
[WhiteElo "1572"]
[WhiteRD "58"]
[BlackElo "1995"]
[BlackRD "72"]
[GameID "713004"]

1. e4 d6 2. d4 g6 3. Nf3 Bg4 4. Bc4 e6 5. h3 Bxf3 6. Qxf3 Bg7 7. c3 Nd7 8. O-O h6 9. Be3 h5 10. Nd2 Nh6
11. Qg3 Kf8 12. f4 Kg8 13. f5 gxf5 14. Bxh6 Rxh6 15. exf5 d5 16. Bd3 e5 17. dxe5 Nxe5 18. Be2 h4 19. Qe3 c6 20. Nf3 Qb6
21. Qxb6 Nxf3+ 22. Rxf3 axb6 23. a3 Be5 24. Re1 Re8 25. Kf1 Bg3 26. Rd1 b5 27. Rd4 Kg7 28. f6+ Rxf6 29. Rg4+ Rg6 30. Rxg6+ fxg6
31. Rd3 Bf4 32. Rd1 Re6 33. Bg4 Re7 34. a4 bxa4 35. Ra1 Bg3 36. Be2 Re4 37. Bd3 Rf4+ 38. Kg1 b6 39. Rf1 b5 40. Rxf4 Bxf4
0-1

[Event "FABH"]
[Site "SchemingMind.com"]
[Date "2021.07.03"]
[Round "-"]
[White "LockettJ"]
[Black "Daniel Dubé"]
[Result "1-0"]
[WhiteCountry "ENG"]
[BlackCountry "CAN"]
[WhiteElo "1974"]
[WhiteRD "97"]
[BlackElo "1572"]
[BlackRD "58"]
[GameID "713005"]

1. d4 Nf6 2. c4 e6 3. g3 d5 4. Nf3 dxc4 5. Bg2 Bd7 6. O-O Bc6 7. a4 a5 8. Bg5 Nbd7 9. Nbd2 Be7 10. Nxc4 O-O
11. e3 h6 12. Bxf6 Nxf6 13. Nfe5 Bxg2 14. Kxg2 Qd5+ 15. f3 c5 16. Nb6
1-0

[Event "FABH"]
[Site "SchemingMind.com"]
[Date "2021.07.02"]
[Round "-"]
[White "Kenny Elliott"]
[Black "Raymond de Kemp"]
[Result "1-0"]
[WhiteCountry "USA"]
[BlackCountry "NED"]
[WhiteElo "1514"]
[WhiteRD "69"]
[BlackElo "1815"]
[BlackRD "74"]
[GameID "713006"]

1. d4 Nf6 2. Nf3 d5 3. Nc3 c5 4. e3 Nc6 5. Bb5 a6 6. Bxc6+ bxc6 7. Ne5 Qc7 8. Qf3 e6 9. O-O cxd4 10. exd4 Bd6
11. Bg5 Bxe5 12. dxe5 Nd7 13. Bf4 O-O 14. Qg3 a5 15. Rae1 Re8 16. Kh1 Ba6 17. Rg1 d4 18. Bh6 g6 19. Ne4 c5 20. Qg5 Qd8
21. Qf4 Qb8 22. Nf6+ Kh8 23. Nxd7 Qd8 24. Nxc5
1-0

[Event "FABH"]
[Site "SchemingMind.com"]
[Date "2021.07.02"]
[Round "-"]
[White "Derek Price"]
[Black "Raymond de Kemp"]
[Result "1-0"]
[WhiteCountry "ENG"]
[BlackCountry "NED"]
[WhiteElo "2231"]
[WhiteRD "67"]
[BlackElo "1815"]
[BlackRD "74"]
[GameID "713007"]

1. c4 Nf6 2. g3 g6 3. Bg2 Bg7 4. Nc3 O-O 5. d4 d6 6. Nf3 Nbd7 7. O-O e5 8. e4 exd4 9. Nxd4 Re8 10. Re1 Nc5
11. Nb3 Ne6 12. f4 c6 13. f5 Nf8 14. g4 gxf5 15. gxf5 N6d7 16. Qxd6 Be5 17. Qh6 Nf6 18. Bg5 N8d7 19. Rad1 Qb6+ 20. Be3 Qc7
21. Kh1 Kh8 22. Bf3 Ng8 23. Qh3 Ndf6 24. Rg1 b6 25. Qg2 Nd7 26. Bd4 Bxd4 27. Nxd4 Qe5 28. Nxc6 Qf6 29. Rd6
1-0

[Event "FABH"]
[Site "SchemingMind.com"]
[Date "2021.07.02"]
[Round "-"]
[White "Raymond de Kemp"]
[Black "Gilligan"]
[Result "1-0"]
[WhiteCountry "NED"]
[BlackCountry "USA"]
[WhiteElo "1858"]
[WhiteRD "74"]
[BlackElo "1714"]
[BlackRD "56"]
[GameID "713008"]

1. d4 d5 2. Bf4 c5 3. e4 dxe4 4. d5 e6 5. Nc3 Nf6 6. Bc4 exd5 7. Nxd5 Nxd5 8. Bxd5 Qf6 9. Ne2 Nc6 10. c3 Be7
11. Bxe4 O-O 12. Qc2 h6 13. h4 Bd7 14. O-O-O Be6 15. Kb1 Bc4 16. Be3 Bxe2 17. Qxe2 b6 18. Rh3 Rac8 19. g4 Qe5 20. Bc2 Rcd8
21. Re1 Qe6 22. f4 h5 23. f5 Qe5 24. g5 Bd6 25. Qxh5 Ne7 26. Bf2 g6 27. Qf3 Qd5 28. Be4 Qc4 29. h5 f6 30. hxg6 Nxg6
31. Bd5+
1-0

[Event "FABH"]
[Site "SchemingMind.com"]
[Date "2021.07.02"]
[Round "-"]
[White "Phillip Beckett"]
[Black "Raymond de Kemp"]
[Result "0-1"]
[WhiteCountry "ENG"]
[BlackCountry "NED"]
[WhiteElo "1459"]
[WhiteRD "58"]
[BlackElo "1858"]
[BlackRD "74"]
[GameID "713009"]

1. e4 c5 2. Nf3 d6 3. d4 cxd4 4. Nxd4 Nf6 5. Nc3 a6 6. Bg5 e6 7. f4 Be7 8. Qf3 Qc7 9. O-O-O Nbd7 10. Bd3 h6
11. Bh4 g5 12. fxg5 Ne5 13. Qe2 Nfg4 14. Bg3 Bxg5+ 15. Kb1 Ne3 16. Rde1 N3c4 17. Bxc4 Nxc4 18. Nf3 Be7 19. Nd2 Na3+ 20. Kc1 Bd7
21. Nb3 Bg5+ 22. Kd1 Nc4 23. Ref1 Nxb2+ 24. Ke1 Qxc3+ 25. Kf2 Bb5
0-1

[Event "FABH"]
[Site "SchemingMind.com"]
[Date "2021.07.07"]
[Round "-"]
[White "Raymond de Kemp"]
[Black "Helga1946"]
[Result "0-1"]
[WhiteCountry "NED"]
[BlackCountry "GER"]
[WhiteElo "1806"]
[WhiteRD "69"]
[BlackElo "2241"]
[BlackRD "71"]
[GameID "713010"]

1. f4 Nf6 2. Nf3 d5 3. g3 c5 4. Bg2 g6 5. O-O Bg7 6. d3 Nc6 7. Qe1 O-O 8. e4 dxe4 9. dxe4 e5 10. Nc3 Be6
11. f5 Bc4 12. Rf2 Qd6 13. h3 Rae8 14. b3 Ba6 15. Ba3 b5 16. Rd1 Nd4 17. Bc1 b4 18. Nb1 Bb7 19. Nfd2 Rd8 20. Nc4 Ne2+
21. Rxe2 Qxd1 22. Bb2 Nxe4 23. Bxe4 Bxe4 24. Rxe4 Qxc2 25. Nbd2 Rxd2 26. Nxd2 Qxb2 27. Nc4 Qxa2 28. fxg6 fxg6 29. Nxe5 a5 30. Nd7 Bc3
0-1

[Event "FABH"]
[Site "SchemingMind.com"]
[Date "2021.07.02"]
[Round "-"]
[White "JAHI"]
[Black "Raymond de Kemp"]
[Result "1-0"]
[WhiteCountry "INT"]
[BlackCountry "NED"]
[WhiteElo "2012"]
[WhiteRD "73"]
[BlackElo "1770"]
[BlackRD "71"]
[GameID "713011"]

1. c3 Nf6 2. c4 g6 3. Nc3 Bg7 4. g3 O-O 5. Bg2 d6 6. h3 e5 7. h4 c6 8. h5 Nxh5 9. Rxh5 gxh5 10. Nf3 Be6
11. d3 Nd7 12. Bg5 f6 13. Be3 d5 14. cxd5 cxd5 15. Qb3 Nb6 16. Nh4 Re8 17. Bxb6 Qxb6 18. Qxb6 axb6 19. Bxd5 Bxd5 20. Nxd5 Rac8
21. Nf5 Rc2 22. Rb1 Rc5 23. Nxb6 e4 24. Nd6 Re6 25. Nxe4 Ra5 26. Nc4 Rxa2 27. Nc3 Ra8 28. Nd5 Rd8 29. Nf4 Ree8 30. Nxh5 Rxd3
31. Ne3 Rb3 32. Nf5 Bh8 33. g4 Rd8 34. f3 Kf7 35. Kf2 Rb6 36. b3 Ke6 37. Rh1 Rd7 38. Nf4+ Ke5 39. Nd3+ Kd5 40. Rc1
1-0

[Event "FABH"]
[Site "SchemingMind.com"]
[Date "2021.07.03"]
[Round "-"]
[White "Daniel Dubé"]
[Black "Raymond de Kemp"]
[Result "1-0"]
[WhiteCountry "CAN"]
[BlackCountry "NED"]
[WhiteElo "1563"]
[WhiteRD "56"]
[BlackElo "1815"]
[BlackRD "74"]
[GameID "713012"]

1. e4 c5 2. Nf3 d6 3. d4 cxd4 4. Nxd4 Nf6 5. Nc3 a6 6. Bg5 e6 7. f4 Be7 8. Qf3 Qc7 9. O-O-O Nbd7 10. g4 b5
11. Bxf6 Nxf6 12. g5 Nd7 13. f5 Bxg5+ 14. Kb1 Ne5 15. Qh5 h6 16. Nxe6 Bxe6 17. fxe6 g6 18. exf7+ Qxf7 19. Qh3 O-O 20. Be2 Nc4
21. Rhf1 Qb7 22. Bxc4+ bxc4 23. Qe6+ Kh7 24. Nd5 Rae8 25. Qxd6 Rxf1 26. Rxf1 Rxe4 27. Qf8
1-0

[Event "FABH"]
[Site "SchemingMind.com"]
[Date "2021.07.05"]
[Round "-"]
[White "Raymond de Kemp"]
[Black "LockettJ"]
[Result "0-1"]
[WhiteCountry "NED"]
[BlackCountry "ENG"]
[WhiteElo "1836"]
[WhiteRD "66"]
[BlackElo "1997"]
[BlackRD "79"]
[GameID "713013"]

1. f4 e5 2. fxe5 d6 3. exd6 Qh4+ 4. g3 Qd8 5. dxc7 Qxc7 6. Nc3 Nf6 7. Bg2 Nc6 8. d4 Bg4 9. Nf3 O-O-O 10. e3 Bb4
11. Bd2 Bxc3 12. Bxc3 Rhe8 13. O-O Nd5 14. Bd2 Nxe3 15. Bxe3 Rxe3 16. Qc1 Rde8 17. c3 Re2 18. d5 Ne5 19. Nd4 Qc5 20. Kh1 Rxg2
21. Kxg2 Qxd5+ 22. Kg1 Bh3 23. Rf2 Nd3 24. Qd2 Nxf2 25. Qxf2 Re3 26. Nf5 Re5 27. Nd4 h5 28. Qf3 Qxf3 29. Nxf3 Re2 30. Ng5 Bd7
31. b3 f6 32. Nf7 Kc7 33. c4 Bc6 34. Kf1 Rxh2 35. Re1 Rxa2 36. Re7+ Bd7 37. Nh8 Rb2
0-1